000 00941nam a2200241Ia 4500
003 OSt
005 20220923220622.0
006 a|||||r|||| 00| 0
007 ta
008 220922b |||||||| |||| 00| 0 hin d
024 _a187,963
037 _cTextual
040 _aARTS
_cARTS
_bhin
041 _2hin
_ahin
082 _aV245.J<-C, 152M1
100 _aपाण्डेय, लालता प्रसाद
_9157573
245 0 _aप्राचीन हिमाचल इतिहास* इतिहास, धर्म एवम् संस्कृति
246 _aPrāchīn himāchal itihāsa: itihāsa, dharma evam sanskṛuti
260 _aनई दिल्ली
_b श्रीमती कामिनी गुप्त
_c1981
300 _a240 पृ.
_ccm.
942 _hV245.J<-C, 152M1
_cTEXL
_2CC
999 _c341039
_d341039